Seed regeneration in corss pollinated species. (Record no. 38861)

MARC details
000 -LEADER
fixed length control field 00371nam a2200133Ia 4500
082 ## - DEWEY DECIMAL CLASSIFICATION NUMBER
Classification number 581.48:581.162.3(06)
Item number POR
100 ## - MAIN ENTRY--AUTHOR NAME
Personal name JENKINS, G
245 #0 - TITLE STATEMENT
Title Seed regeneration in corss pollinated species.
260 ## - PUBLICATION, DISTRIBUTION, ETC. (IMPRINT)
Place of publication Rotterdam
Name of publisher AA Balkema
Year of publication 1982
650 ## - SUBJECT ADDED ENTRY--TOPICAL TERM
Topical Term Germplasm conservation
700 ## - ADDED ENTRY--PERSONAL NAME
Personal name PORCEDDU, E
942 ## - ADDED ENTRY ELEMENTS (KOHA)
Koha item type Books
Holdings
Withdrawn status Lost status Damaged status Not for loan Home library Current library Date acquired Full call number Accession Number Koha item type
        RRII Library RRII Library 16/12/2021 581.48:581.162.3(06) POR 19212 Books